UBT Library

BASIC TRAINING FOR LIFE (Record no. 60545)

000 -LEADER
fixed length control field 00296nam a22001337a 4500
008 - FIXED-LENGTH DATA ELEMENTS--GENERAL INFORMATION
fixed length control field 240116b ||||| |||| 00| 0 eng d
041 ## - LANGUAGE CODE
Language code of text/sound track or separate title eng
080 ## - UNIVERSAL DECIMAL CLASSIFICATION NUMBER
Edition identifier 2018
Universal Decimal Classification number 796.3
082 ## - DEWEY DECIMAL CLASSIFICATION NUMBER
Classification number 796.3
100 ## - Rafti
Rafti 16
101 ## - Shkurtesa
Shkurtesa SHPS
245 ## - TITLE STATEMENT
Title BASIC TRAINING FOR LIFE
Statement of responsibility, etc MARINO BASIC
942 ## - ADDED ENTRY ELEMENTS (KOHA)
Source of classification or shelving scheme
Item type Books
Holdings
Withdrawn status Lost status Source of classification or shelving scheme Damaged status Not for loan Collection code Permanent location Current location Date acquired Total Checkouts Full call number Barcode Date last seen Price effective from Koha item type
          Koleksioni i përgjithshem UBT - Lipjan UBT - Lipjan 01/16/2024   796.3 002-800070548 01/16/2024 01/16/2024 Books
          Koleksioni i përgjithshem UBT - Lipjan UBT - Lipjan 01/16/2024   796.3 002-800070549 01/16/2024 01/16/2024 Books
          Koleksioni i përgjithshem UBT - Lipjan UBT - Lipjan 01/16/2024   796.3 002-800070550 01/16/2024 01/16/2024 Books
          Koleksioni i përgjithshem UBT - Lipjan UBT - Lipjan 01/16/2024   796.3 002-800070551 01/16/2024 01/16/2024 Books
          Koleksioni i përgjithshem UBT - Lipjan UBT - Lipjan 01/16/2024   796.3 002-800070552 01/16/2024 01/16/2024 Books
UBT Library © 2015-2024. All rights reserved University Education for Business and Technology